[Event "AUTO-OPEN-1579"]
[Site "http://www.queenalice.com/game.php?id=599048"]
[Date "2009.6.5"]
[Round "1"]
[White "Magger"]
[Black "rocha"]
[Result "1-0"]
[WhiteElo "1796"]
[BlackElo "1631"]

1. e4 e5 2. Nf3 f6 3. Bc4 Ne7 4. Nh4 g5 5. Qf3 gxh4 6. Qxf6 d6 7. Qxh8 h6 8. d3
d5 9. Bxh6 dxc4 10. Qxf8+ Kd7 11. Qf7 Kc6 12. Qxc4+ Kd7 13. Bg5 Ke8 14. Bxh4
Nbc6 15. c3 Qd6 16. Nd2 Be6 17. Qa4 Qxd3 18. Bxe7 Kxe7 19. Qd1 Na5 20. Nf3 Qxe4+
21. Qe2 Qd5 22. O-O Nc4 23. Rad1 Qb5 24. b3 Na3 25. Qxe5 Qc6 26. Qg7+ Bf7 27.
Rfe1+ Qe6 28. Rxe6+ Kxe6 29. Qe5# 1-0

[Event "AUTO-OPEN-1579"]
[Site "http://www.queenalice.com/game.php?id=599071"]
[Date "2009.6.5"]
[Round "1"]
[White "erivaldoadao"]
[Black "Magger"]
[Result "1-0"]
[WhiteElo "2000"]
[BlackElo "1805"]

1. e4 e5 2. Nf3 Nc6 3. Bb5 d6 4. O-O Be7 5. Nc3 a6 6. Bxc6+ bxc6 7. d4 exd4 8.
Nxd4 Bd7 9. Be3 Nf6 10. a4 c5 11. Nf5 g6 12. Nxe7 Qxe7 13. Bg5 Qe5 14. Bxf6 Qxf6
15. Nd5 Qd8 16. Qf3 f5 17. c4 O-O 18. exf5 Bxf5 19. Qc3 c6 20. Ne3 Rb8 21. a5
Qf6 22. Nxf5 Qxf5 23. Rad1 Qf4 24. Qc2 Rb4 25. b3 Rf6 26. Rfe1 Kf7 27. Rd3 Rb7
28. Rf3 Qd4 29. Rfe3 d5 30. Rd3 Qf4 31. cxd5 Rd7 32. Rf3 Qg5 33. dxc6 Re7 34.
Qc4+ Kf8 35. Rxf6+ Qxf6 36. Qxc5 Ke8 37. Rc1 Qe6 38. Qc3 Kd8 39. Qd3+ Kc7 40.
Qxa6 Qxb3 41. Qa7+ Kd6 42. Qc5+ Ke6 43. Re1+ Kf6 44. Qxe7+ Kf5 45. c7 Qc3 46.
Qe5+ Kg4 47. Qxc3 1-0

[Event "AUTO-OPEN-1579"]
[Site "http://www.queenalice.com/game.php?id=599072"]
[Date "2009.6.5"]
[Round "1"]
[White "Magger"]
[Black "erivaldoadao"]
[Result "1-0"]
[WhiteElo "1643"]
[BlackElo "1726"]

1. e4 c5 2. Bc4 e6 3. Nc3 Nf6 4. e5 Nd5 5. Nxd5 exd5 6. Bxd5 Be7 7. Qh5 O-O 8.
Nf3 g6 9. Qh6 Qa5 10. c4 d6 11. O-O Nd7 12. e6 fxe6 13. Bxe6+ Kh8 14. b3 Bf6 15.
Ng5 Bxg5 16. Bb2+ Bf6 17. Qxf8+ Nxf8 18. Bxf6# 1-0

[Event "AUTO-ADV-1354"]
[Site "http://www.queenalice.com/game.php?id=690867"]
[Date "2009.11.30"]
[Round "2"]
[White "Magger"]
[Black "coutovet"]
[Result "0-1"]
[WhiteElo "1843"]
[BlackElo "1831"]

1. e4 e5 2. Bc4 h6 3. Qh5 Qf6 4. Nc3 c6 5. Nf3 Bd6 6. Qh4 b5 7. Nxb5 cxb5 8. Bd5
Nc6 9. O-O Bb7 10. c3 Qxh4 11. Nxh4 Nge7 12. Bb3 O-O 13. a3 a5 14. Rd1 a4 15.
Bc2 Bc7 16. d4 exd4 17. cxd4 Na5 18. d5 d6 19. Nf5 Nxf5 20. exf5 f6 21. Bf4 Nc4
22. Rab1 Ne5 23. Bxe5 fxe5 24. Rbc1 Bd8 25. Be4 Bc8 26. g4 Bg5 27. Rc6 Rf6 28.
Rb6 Bd7 29. Rb7 Be8 30. Kg2 Kh7 31. Bd3 Ra5 32. Rb8 Bf7 33. Bxb5 g6 34. fxg6+
Kxg6 35. Rb7 Kg7 36. h3 h5 37. gxh5 Kh6 38. Rb8 Bxh5 39. Rh8+ Kg7 40. Rxh5 Bf4
41. Be8 Kf8 42. Bc6 Ra7 43. Kf1 Raf7 44. Bxa4 Bh2 45. Rh8+ Kg7 46. Be8 Rb7 47.
Rh5 Rxb2 48. Bd7 Rfxf2+ 49. Ke1 Rbe2# 0-1

[Event "AUTO-ADV-1354"]
[Site "http://www.queenalice.com/game.php?id=690868"]
[Date "2009.11.30"]
[Round "2"]
[White "coutovet"]
[Black "Magger"]
[Result "1-0"]
[WhiteElo "1742"]
[BlackElo "1850"]

1. e4 e5 2. Nf3 Nc6 3. d4 Nxd4 4. Nxd4 exd4 5. Qxd4 Qe7 6. Nc3 c6 7. Be3 Nf6 8.
O-O-O g6 9. e5 Nh5 10. g4 Ng7 11. Bc4 b5 12. Bd3 Bb7 13. Rhg1 b4 14. Ne4 Ne6 15.
Nd6+ Qxd6 16. exd6 Nxd4 17. Bxd4 Rg8 18. Bc5 a5 19. f4 Bh6 20. g5 Bg7 21. h4
O-O-O 22. Bb6 Rde8 23. Bxa5 c5 24. Rge1 Bd4 25. f5 Be3+ 26. Kb1 Bf3 27. Ba6+ Kb8
28. Rd3 Bf2 29. Rxe8+ Rxe8 30. a3 Be2 31. Rd2 Bxh4 32. Rxe2 Rxe2 33. Bxe2 Bxg5
34. fxg6 fxg6 35. axb4 cxb4 36. Bxb4 h5 37. Bb5 Kc8 38. Ba5 Bf4 39. Bc7 Kb7 40.
Bxd7 g5 41. Bh3 g4 42. Bg2+ Kc8 43. Be4 g3 44. Bf5+ Kb7 45. Bh3 Kc6 46. b4 Bd2
47. b5+ Kb7 48. c4 Be3 49. Kb2 Bd4+ 50. Kb3 Bc5 51. Ka4 1-0

[Event "AUTO-INT-1334"]
[Site "http://www.queenalice.com/game.php?id=709280"]
[Date "2010.1.6"]
[Round "2"]
[White "carlitomontana93270"]
[Black "Magger"]
[Result "0-1"]
[WhiteElo "1681"]
[BlackElo "1831"]

1. c4 e5 2. b3 Bc5 3. Bb2 Qf6 4. e3 Ne7 5. Be2 Nbc6 6. d4 exd4 7. exd4 Bxd4 8.
Bxd4 Qxd4 9. Qxd4 Nxd4 10. Nc3 Nc2+ 11. Kd2 Nxa1 12. Nf3 Nxb3+ 13. axb3 f6 14.
Rd1 a6 15. Ke1 O-O 16. Nd4 c6 17. Nf3 c5 18. Kf1 b6 19. Kg1 Rd8 20. h3 Bb7 21.
Nd2 Nf5 22. Bg4 Nd4 23. Kf1 f5 24. Be2 Re8 25. f4 Re7 26. Bd3 Re3 27. Ndb1 g6
28. Kf2 Re7 29. g4 fxg4 30. hxg4 Bf3 31. f5 Bxd1 32. f6 Rf8 33. g5 Nxb3 34. Nd5
Re5 35. Ne7+ Rxe7 36. Kg1 Re5 0-1

[Event "AUTO-INT-1334"]
[Site "http://www.queenalice.com/game.php?id=709281"]
[Date "2010.1.6"]
[Round "2"]
[White "Magger"]
[Black "carlitomontana93270"]
[Result "1-0"]
[WhiteElo "1841"]
[BlackElo "1655"]

1. e4 g6 2. Bc4 Bg7 3. Qf3 e6 4. Ne2 Nc6 5. a3 d6 6. O-O Bd7 7. Nbc3 Nf6 8. d4
O-O 9. Bg5 h6 10. Bxf6 Bxf6 11. Rad1 Bg7 12. Rfe1 Qc8 13. b4 a6 14. h3 b5 15.
Bb3 Qd8 16. d5 Ne7 17. Nf4 Qc8 18. Rd2 e5 19. Nd3 f5 20. Qe2 fxe4 21. Nxe4 Nf5
22. c3 Nh4 23. Qe3 Bf5 24. Qg3 Qd8 25. f3 Bxe4 26. Rxe4 Nf5 27. Qxg6 c5 28.
dxc6+ d5 29. c7 Qxc7 30. Bxd5+ Kh8 31. Bxa8 Qb6+ 32. Qxb6 Rxa8 33. Nxe5 Ng3 34.
Rd8+ 1-0

[Event "AUTO-INT-1334"]
[Site "http://www.queenalice.com/game.php?id=709288"]
[Date "2010.1.6"]
[Round "2"]
[White "antcabral"]
[Black "Magger"]
[Result "1-0"]
[WhiteElo "1725"]
[BlackElo "1827"]

1. e4 e5 2. Qh5 Qf6 3. d3 Bc5 4. Nh3 g6 5. Qg4 h6 6. a3 Nc6 7. c3 d5 8. Qg3 d4
9. c4 Na5 10. Nd2 Bd6 11. Be2 Bd7 12. O-O O-O-O 13. b4 Nc6 14. c5 Be7 15. Nb3
Be6 16. Nd2 Kb8 17. f3 Qg7 18. Bd1 Nf6 19. f4 Nh5 20. Bxh5 Rhg8 21. Bd1 Bxh3 22.
Qxh3 exf4 23. Nc4 g5 24. Qg4 Ne5 25. Nxe5 Qxe5 26. Bb3 Rg7 27. Qh5 Qf6 28. Bd2
a6 29. Rac1 c6 30. Qg4 Rh7 31. Qh5 Qg6 32. Qf3 Rf8 33. h3 h5 34. a4 Bd8 35. b5
1-0

[Event "AUTO-INT-1334"]
[Site "http://www.queenalice.com/game.php?id=709289"]
[Date "2010.1.6"]
[Round "2"]
[White "Magger"]
[Black "antcabral"]
[Result "1-0"]
[WhiteElo "1807"]
[BlackElo "1745"]

1. e4 e5 2. Nf3 d6 3. Bc4 h6 4. Nc3 c6 5. b3 Nf6 6. h3 Be7 7. O-O O-O 8. Re1 Nh5
9. d3 b5 10. Nxb5 cxb5 11. Bd5 Be6 12. Bxa8 Na6 13. Bb7 Nc5 14. Bc6 Qb6 15. Bd5
Bd7 16. d4 exd4 17. Nxd4 Nf6 18. Qf3 Nxd5 19. exd5 Bf6 20. Be3 Na6 21. Ne6 Nc5
22. Nxf8 Kxf8 23. b4 Bc3 24. Bxc5 Qc7 25. Bxd6+ Qxd6 26. Qxc3 Kg8 27. Qc5 Qg6
28. Re3 Qf6 29. Rae1 Kh7 30. Qxa7 Bf5 31. Rf3 Qg6 32. d6 Be6 33. d7 Bd5 34. Rg3
Qf6 35. c3 Bc6 36. Qb6 Bxd7 37. Qxf6 gxf6 38. Re7 Be6 39. a3 1-0

[Event "AUTO-INT-1334"]
[Site "http://www.queenalice.com/game.php?id=709294"]
[Date "2010.1.6"]
[Round "2"]
[White "Magger"]
[Black "MLC"]
[Result "0-1"]
[WhiteElo "1851"]
[BlackElo "1746"]

1. e4 c6 2. d4 d5 3. e5 e6 4. Nf3 Bb4+ 5. c3 Ba5 6. Bd3 h6 7. O-O Ne7 8. Nh4 O-O
9. Qg4 f5 10. Qg3 g5 11. f3 Kg7 12. h3 Ng6 13. Nxg6 Kxg6 14. f4 Nd7 15. h4 Rg8
16. fxg5 h5 17. Qf3 Rf8 18. g4 hxg4 19. Qxg4 Nxe5 20. dxe5 Bb6+ 21. Kg2 Bc7 22.
h5+ Kg7 23. Qd4 Bd7 24. h6+ Kg6 25. Rh1 Rh8 0-1

[Event "AUTO-INT-1334"]
[Site "http://www.queenalice.com/game.php?id=709295"]
[Date "2010.1.6"]
[Round "2"]
[White "MLC"]
[Black "Magger"]
[Result "0-1"]
[WhiteElo "1757"]
[BlackElo "1830"]

1. e4 e5 2. Nf3 Nc6 3. d4 f6 4. d5 Na5 5. Nc3 a6 6. g3 Bb4 7. a3 Bxc3+ 8. bxc3
d6 9. Bd2 b6 10. c4 Bb7 11. Qb1 Rb8 12. Bxa5 bxa5 13. Qb3 Ne7 14. Qa4+ c6 15.
Rb1 O-O 16. c3 c5 17. Bh3 Ba8 18. Rxb8 Qxb8 19. O-O Qb2 20. Qxa5 Qe2 21. Bg2
Qxc4 22. Nh4 g5 23. Nf5 Nxf5 24. exf5 Qd3 25. Qc7 Qxc3 26. Qxd6 Qxa3 27. Qe7 Qa5
28. d6 Bxg2 29. Kxg2 c4 30. Qe6+ Kg7 31. d7 c3 0-1

[Event "AUTO-OPEN-1579"]
[Site "http://www.queenalice.com/game.php?id=719553"]
[Date "2010.1.24"]
[Round "2"]
[White "rodracena"]
[Black "Magger"]
[Result "1/2-1/2"]
[WhiteElo "1989"]
[BlackElo "1821"]

1. d4 d5 2. Nf3 Nc6 3. Nc3 Nf6 4. Bg5 a6 5. h3 e6 6. e4 Be7 7. e5 Ne4 8. Bxe7
Qxe7 9. Nxe4 dxe4 10. Nd2 Qb4 11. Qg4 O-O 12. O-O-O Rd8 13. c3 Qa4 14. Kb1 Nxd4
15. cxd4 Rxd4 16. Nb3 Rd5 17. Rxd5 exd5 18. Qd1 Be6 19. Be2 b6 20. Qd4 Qd7 21.
f3 c5 22. Qd2 Bf5 23. fxe4 Bxe4+ 24. Ka1 Bxg2 25. Rg1 Qxh3 26. Qg5 h6 27. Qxg2
Qxg2 28. Rxg2 Re8 29. Bxa6 Rxe5 30. a3 Re3 31. Re2 Rxb3 32. Ka2 c4 33. Rd2 Rd3
34. Rxd3 cxd3 35. Bxd3 g6 36. Kb3 f5 37. Kc3 Kf7 38. Kd4 Ke6 39. b4 h5 40. a4
Kd6 41. a5 bxa5 42. bxa5 Kc6 43. Ke3 h4 44. Kf4 g5+ 45. Kxg5 h3 46. Be2 d4 47.
Kxf5 h2 48. Bf3+ Kb5 49. Ke4 1/2-1/2

[Event "AUTO-OPEN-1579"]
[Site "http://www.queenalice.com/game.php?id=719554"]
[Date "2010.1.24"]
[Round "2"]
[White "Magger"]
[Black "rodracena"]
[Result "0-1"]
[WhiteElo "1828"]
[BlackElo "1986"]

1. e4 c5 2. Bc4 Nc6 3. Qh5 e6 4. c3 Nf6 5. Qf3 Be7 6. d3 Ne5 7. Qe2 Nxc4 8. dxc4
O-O 9. e5 Ne8 10. Qg4 f6 11. Nf3 fxe5 12. Nxe5 d6 13. Bh6 Bf6 14. Nf3 Rf7 15.
O-O e5 16. Qg3 Kh8 17. Bg5 Bxg5 18. Nxg5 Rf8 19. Nd2 h6 20. Qh4 Qxg5 21. Qxg5
hxg5 22. Nf3 Rf5 23. Rfe1 Be6 24. b3 Nc7 25. Rad1 Rd8 26. h3 Rf4 27. Nxg5 g6 28.
g3 Rf5 29. h4 Bg8 30. Re4 d5 31. Rg4 d4 32. Ne4 dxc3 33. Nxc3 Rxd1+ 34. Nxd1 Kg7
35. Ne3 Rf6 36. Rg5 Ne6 37. Rxe5 Nd4 38. Rxc5 Kh6 39. Ng4+ Kg7 40. Nxf6 Kxf6 41.
Rc7 b5 42. cxb5 Nxb5 43. Rc5 Nd6 44. Rc7 Nb5 45. Rb7 Nd4 46. Rxa7 Nf3+ 47. Kf1
Be6 48. Ra6 Nd4 49. Rb6 Ke5 50. f4+ Kd5 51. Rb8 Nc6 52. Rb5+ Ke4 53. Kf2 Bf5 54.
a4 Be6 55. b4 Bc4 56. Rb6 Bd5 57. a5 Kd4 58. Rb5 Na7 59. Rb6 Nc6 60. Rb5 Na7 61.
Rc5 Nc6 62. Rb5 Na7 63. Rb8 Nc6 64. Rg8 Bxg8 65. a6 Na7 66. f5 gxf5 67. h5 Kc4
0-1

[Event "Challenge 001"]
[Site "http://www.queenalice.com/game.php?id=1237671"]
[Date "2013.12.4"]
[Round "-"]
[White "Magger"]
[Black "rafaelbdb"]
[Result "1-0"]
[WhiteElo "1818"]
[BlackElo "1558"]

1. e4 c5 2. Nc3 Nc6 3. Nf3 e6 4. d3 d5 5. e5 Nge7 6. Ng5 Nxe5 7. Be2 g6 8. Bf4
N7c6 9. Qd2 f6 10. Nf3 Nxf3+ 11. Bxf3 Bd6 12. Nb5 Bxf4 13. Qxf4 Qa5+ 14. Nc3 O-O
15. O-O e5 16. Bxd5+ Kg7 17. Qg3 Bf5 18. Rfe1 Rab8 19. Ne4 Nd4 20. Rac1 Bxe4 21.
dxe4 Qd2 22. Qe3 Qxe3 23. Rxe3 b6 24. c3 Nb5 25. Rd1 Rbd8 26. h4 Nc7 27. c4 Rf7
28. Rdd3 Rfd7 29. Rg3 Rd6 30. h5 Nxd5 31. exd5 e4 32. Ra3 R8d7 33. f4 exf3 34.
gxf3 Kf7 35. h6 Re7 36. Kf2 a5 37. Re3 Rdd7 38. f4 Rxe3 39. Rxe3 Re7 40. Rb3 Rb7
41. Rg3 a4 42. f5 g5 43. d6 Rd7 44. Rd3 Rd8 45. Ke3 Re8+ 46. Kf2 Rd8 47. Kf3 Ke8
48. Re3+ Kd7 49. Re7+ Kxd6 50. Rxh7 Ke5 51. Rg7 Kxf5 52. h7 Rd3+ 53. Kg2 Rd8 54.
Rg8 1-0

[Event "Challenge"]
[Site "http://www.queenalice.com/game.php?id=1275221"]
[Date "2014.4.22"]
[Round "-"]
[White "Magger"]
[Black "rafaelbdb"]
[Result "0-1"]
[WhiteElo "1826"]
[BlackElo "1538"]

1. e4 c5 2. Bc4 e6 3. e5 Nc6 4. Nf3 g6 5. c3 Bg7 6. d4 cxd4 7. cxd4 Nge7 8. b3
O-O 9. Ba3 Re8 10. O-O d5 11. exd6 Nf5 12. Bb2 Qxd6 13. Na3 Ncxd4 14. Nxd4 Nxd4
15. Bxd4 Bxd4 16. Nb5 Bxf2+ 17. Rxf2 Qxd1+ 18. Rxd1 Re7 19. Rd8+ Kg7 0-1

[Event "Challenge"]
[Site "http://www.queenalice.com/game.php?id=1275222"]
[Date "2014.4.22"]
[Round "-"]
[White "rafaelbdb"]
[Black "Magger"]
[Result "1-0"]
[WhiteElo "1566"]
[BlackElo "1798"]

1. d4 d5 2. c4 c6 3. Nc3 e6 4. Nf3 h6 5. b3 Nf6 6. g3 Bb4 7. Bb2 Ne4 8. Qc2 O-O
9. Bg2 a5 10. O-O Na6 11. Nxe4 dxe4 12. Ne5 f5 13. Rfd1 Qg5 14. a3 Bd6 15. e3
Bxe5 16. f4 exf3 17. Bxf3 Bd6 18. Kf2 1-0